| 000 | 00491nam a2200181Ia 4500 | ||
|---|---|---|---|
| 003 | GCL | ||
| 008 | 140319s9999 xx 000 0 eng d | ||
| 040 |
_aGCL / _cGCL |
||
| 082 | 0 | 4 |
_a005.133 _bB M |
| 100 | 1 | _aBUDD, TIMOTHY | |
| 245 | 1 | 0 |
_aMULTIPARADIGM PROGRAMMING IN LEDA / _cBUDD, TIMOTHY |
| 260 |
_a[S.N] : _bADDISON - WESLEY PUBLISHING COMPANY ، _c1995 |
||
| 300 | _a394 P | ||
| 650 | 0 | 4 | _aPROGRAMMING |
| 650 | 0 | 4 | _aLOGIC PROGRAMMING |
| 650 | 0 | 4 | _aLEDA - COMPUTER |
| 942 |
_2ddc _cBK |
||
| 999 |
_c25148 _d25148 |
||